Paroles - Détournement - Daniel Balavoine - Statistiques

Statistiques générales
  • Ce quiz a été pris 8 fois
  • Le résultat moyen est 262 sur 494
Statistiques - réponses
Réponse % Correct
je
100%
Je
100%
A
80%
à
80%
a
80%
ça
80%
ce
80%
Ce
80%
il
80%
le
80%
les
80%
ma
80%
Mais
80%
mais
80%
On
80%
Si
80%
si
80%
ta
80%
tu
80%
Tu
80%
ai
60%
avion
60%
calme-toi
60%
ces
60%
C'est
60%
cet
60%
chez
60%
comme
60%
Comme
60%
de
60%
des
60%
dont
60%
Et
60%
et
60%
faire
60%
fais
60%
fait
60%
j'ai
60%
J'aimerais
60%
j'étais
60%
J'étais
60%
jour
60%
la
60%
me
60%
Me
60%
mon
60%
mort
60%
ne
60%
n'existe
60%
60%
ou
60%
Ou
60%
parle
60%
parles
60%
pas
60%
pays
60%
plaisir
60%
plus
60%
qu'à
60%
que
60%
qui
60%
Qui
60%
qu'un
60%
rien
60%
tard
60%
te
60%
t'expliquer
60%
ton
60%
un
60%
va
60%
vais
60%
y
60%
Y
60%
affaire
40%
ailleurs
40%
Allez
40%
au
40%
autre
40%
autrement
40%
avoir
40%
bien
40%
bilingue
40%
bons
40%
cabine
40%
carlingue
40%
c'était
40%
C'était
40%
chacun
40%
chance
40%
Chemise
40%
combattants
40%
confiance
40%
connu
40%
construit
40%
contents
40%
cousue
40%
crois-moi
40%
croix
40%
dans
40%
Dans
40%
décor
40%
déglingue
40%
dernière
40%
détourner
40%
dingue
40%
dingues
40%
dira
40%
dire
40%
dis
40%
dit
40%
dois
40%
donne
40%
donnes
40%
du
40%
d'un
40%
en
40%
Faudrait
40%
fort
40%
frère
40%
gens
40%
gens-là
40%
homme
40%
Ils
40%
intelligence
40%
J'en
40%
J'espère
40%
J'te
40%
J'vais
40%
l'air
40%
leur
40%
Même
40%
même
40%
m'emmener
40%
mes
40%
Mes
40%
mesure
40%
mieux
40%
Moi
40%
moi
40%
monde
40%
m'ont
40%
Montre
40%
moutons
40%
n'ai
40%
ont
40%
parabellum
40%
paradis
40%
pardonne
40%
pensent
40%
personne
40%
peu
40%
peur
40%
peux
40%
pilote
40%
pire
40%
plaire
40%
portent
40%
potes
40%
Pour
40%
pour
40%
prie
40%
problèmes
40%
Qu'est
40%
qu'on
40%
qu'tu
40%
Range
40%
Redescends
40%
rentre
40%
respecter
40%
revolver
40%
sans
40%
Sans
40%
sentiment
40%
seule
40%
soi
40%
soit
40%
solution
40%
sont
40%
sors
40%
souvenirs
40%
suis
40%
suivent
40%
sur
40%
T'as
40%
t'débines
40%
t'en
40%
Terre
40%
terre
40%
t'es
40%
toi
40%
une
40%
univers
40%
veine
40%
Vers
40%
veux
40%
vie
40%
vois
40%
Vraiment
40%
vraiment
40%
vrais
40%
Y'en
40%
zinc
40%
Cachets
20%
ceinture
20%
continues
20%
dure
20%
D'user
20%
être
20%
fasse
20%
flingue
20%
font
20%
fous
20%
fringues
20%
heures
20%
J'deviens
20%
J'fais
20%
juste
20%
J'voudrais
20%
lacets
20%
libre
20%
moins
20%
péter
20%
piqué
20%
piqûre
20%
poli
20%
pourquoi
20%
Pouvoir
20%
regarde
20%
rendent
20%
réponds
20%
risquer
20%
sais
20%
savoir
20%
sens
20%
seringues
20%
sur-mesure
20%
surpris
20%
t'éviter
20%
toutes
20%
Toutes
20%
vas
20%
J'éatis
0%
Aucun quiz correspondant
Distribution des résultats
% des personnes avec chaque résultat
Percentile par nombre de réponses
Votre historique - résultats
Vous n’avez pas pris ce quiz